Statistics for Ten of the Most Endangered Animals 2022

Click here to take the quiz!

General Stats

  • This quiz has been taken 4 times
  • The average score is 2 of 10

Answer Stats

# Left in WildAnswer% Correct
600Sunda Island Tiger
75%
1,000Mountain Gorilla
50%
<14,000Sumatran Orangutan
25%
800Tapanuli Orangutan
25%
1,000Yangtze Finless Porpoise
25%
UncertainAfrican Forest Elephant
0%
100Amur Leopard
0%
5,630Black Rhino
0%
20,000Hawksbill Turtle
0%
75Javan Rhino
0%

Score Distribution

Percentile by Number Answered

Percent of People with Each Score

Your Score History

You have not taken this quiz